| 000 | 00861nam a22002897a 4500 | ||
|---|---|---|---|
| 003 | CHAP | ||
| 005 | 20220329140352.0 | ||
| 008 | 971013s1976 r 00010 d | ||
| 010 | _a51022 | ||
| 011 | _a51994 | ||
| 035 | _a56144 | ||
| 040 | _cCHAP | ||
| 090 | _aFolleto 5789 | ||
| 100 | 0 | 0 |
_aPolo Celis, Adalberto. _990276 |
| 245 | _aControl del aborto vegetal | ||
| 260 |
_a(s.l. : _bs.e.), _c1976 |
||
| 300 |
_a22 p. _b: apénd. |
||
| 590 |
_aBATCH-UPD _b10 _c20130109 _lUCH01 _h2337 |
||
| 590 |
_aBATCH-UPD _b10 _c20130410 _lUCH01 _h0953 |
||
| 590 |
_aBATCH-UPD _b10 _c20130913 _lUCH01 _h1846 |
||
| 590 |
_aCONVERSION _b10 _c20130109 _lUCH01 _h1328 |
||
| 650 | 1 | 4 |
_aAbscisión (Botánica) _9332 |
| 901 | _aBK | ||
| 942 | _cFOLL | ||
| 949 |
_aFolleto 5789 _bBC _cFOLL _d-122794 _eTS1 _i56144 _si |
||
| 949 |
_aFolleto 5789 _bBC _cFOLL _d-122795 _eTS2 _fc.2 _i56144 _mD _si |
||
| 999 |
_c51022 _d51022 |
||